| 000 | 00912nam a2200241Ia 4500 | ||
|---|---|---|---|
| 003 | GCL | ||
| 008 | 140319s9999 xx 000 0 ara d | ||
| 020 | _a7666063977 | ||
| 040 |
_aGCL / _cGCL |
||
| 082 | 0 | 4 |
_aق _b379.62 _bف ت |
| 100 | 1 | _aفاتن عدلى | |
| 245 | 1 | 0 |
_aالتعليم بين عبدالناصر والسادات : _bدراسة مقارنة / _cفاتن عدلى |
| 250 | _aالاولى | ||
| 260 |
_aالقاهرة : _bدار فرحة للنشر والتوزيع ، _c2006 |
||
| 300 |
_a421 ص ؛ _c24 سم |
||
| 490 |
_aسلسلة الدراسات التربوية _v0 |
||
| 650 | 0 | 4 | _aالتعليم - مصر |
| 650 | 0 | 4 | _aالتعليم - تاريخ - مصر |
| 650 | 0 | 4 | _aالتدريس - تاريخ |
| 650 | 0 | 4 | _aالتعليم - تاريخ - مصر - جمال عبدالناصر |
| 650 | 0 | 4 | _aالتعليم - تاريخ - مصر - انور السادات |
| 942 |
_2ddc _cBK |
||
| 999 |
_c59391 _d59391 |
||